000 01604 a2200193 4500
003 Nust
005 20221219101216.0
020 _a9780070671553
040 _cNust
082 _a621.3824,KRA
100 _aD Kraus, John
_9105163
245 _aAntennas and wave propogation /
_cJohn D Kraus, Ronald J Marhefka , Ahmad S Khan
250 _a4th Edition
260 _aNew Delhi
_bTata McGraw Hill
_c2010
300 _axxiii,906p.
505 _aIntroduction (Page-1), Antenna Basics (Page-80, The Antenna Family (Page-53), Radiation (Page-690, Point Sources and their Arrays (Page-86), Electric Dipoles, thin Linear Antennas and Arrays of Dipoles and Apertures (Page-156), Loop, Slot and Horn Antennas (Page-246), Helical Antennas (Page-297), Reflector Antennas (Page-3680, Lens Antennas (Page-399), Broadband and Frequency-Independent Antennas (Page-423), The Cylindrical Antenna and the Moment Method (MM) (Page 443), Frequency-Selective Surfaces and periodic Structures (Page-478), Microstrip Antennas (Page-5000, Antennas for Special Applications (Page-523), Practical Design Consideration of Large Aperture Antennas (Page-596), Antenna Temperature, Remote Sensing and Radar Cross Section (Page-621), Self and Mutual Impedances (Page-654), The Fourier Transform Relation Between Aperture Distribution and Far-Field Pattern (Page-669), Baluns,etc. (Page-695), Antenna Measurements (Page-715), Basics of Wave Propagation (Page-715), Ground Wave Propagation (Page-782), Space Wave Propagation (Page-799), Sky Wave Propagation (Page-815).
650 _aTelecommunication Engineering
942 _2ddc
_cBK
999 _c189251
_d189251